MARC

LEADER 00000nam0a2200000 4500
001 322887
005 20231102003522.0
035 |a (RuTPU)RU\TPU\book\348445 
090 |a 322887 
100 |a 20161006d1972 km y0rusy50 ca 
101 0 |a rus 
102 |a RU 
105 |a y z 000zy 
200 1 |a Научно-техническая революция и преимущества социалистической системы хозяйства  |f В. А. Жамин, И. М. Владимирова 
210 |a Москва  |c Мысль  |d 1972 
215 |a 79 с. 
225 1 |a XXIV съезд КПСС : социально-экономические проблемы 
606 1 |a Технический прогресс, научный  |2 stltpush  |3 (RuTPU)RU\TPU\subj\74788  |9 86794 
610 1 |a наука 
610 1 |a научно-техническая база 
610 1 |a научно-технический прогресс 
610 1 |a СССР 
610 1 |a история 
610 1 |a социалистическая система 
610 1 |a техническая политика 
610 1 |a прикладные исследования 
610 1 |a фундаментальные исследования 
610 1 |a планирование 
610 1 |a управление 
675 |a 62.001.7  |v 4 
700 1 |a Жамин  |b В. А.  |g Виталий Алексеевич 
701 1 |a Владимирова  |b И. М.  |g Ирина Матвеевна 
801 1 |a RU  |b 63413507  |c 20161006 
801 2 |a RU  |b 63413507  |c 20161012  |g RCR 
942 |c BK